书目信息 |
| 题名: |
最优规划和计算
|
|
| 作者: | 黄伙泉 著 | |
| 分册: | ||
| 出版信息: | 厦门 厦门大学出版社 1993 |
|
| 页数: | 179页 | |
| 开本: | 26cm | |
| 丛书名: | ||
| 单 册: | ||
| 中图分类: | O23 | |
| 科图分类: | ||
| 主题词: | 控制论--数学理论 , 信息论--数学理论 | |
| 电子资源: | ||
| ISBN: | 7-5615-0831-X | |
| 000 | 00551nam0 2200193 450 | |
| 001 | 0732828906 | |
| 005 | 20070903090708.90 | |
| 010 | @a7-5615-0831-X@d¥7.80 | |
| 100 | @a20070903d km y0chiy0120 ea | |
| 101 | 0 | @achi |
| 200 | 1 | @a最优规划和计算@Azui you gui hua he ji suan@f黄伙泉著@Fhuang huo quan zhu |
| 210 | @a厦门@c厦门大学出版社@d1993 | |
| 215 | @a179页@d26cm | |
| 606 | 0 | @a控制论@x数学理论 |
| 606 | 0 | @a信息论@x数学理论 |
| 690 | @aO23@v3 | |
| 701 | 0 | @a黄伙泉@Ahuang huo quan@4著 |
| 801 | 0 | @aCN@bPFT@c20070903 |
| 905 | @a213230@dO23@eS4@f1 | |
| 最优规划和计算/黄伙泉著.-厦门:厦门大学出版社,1993 |
| 179页;26cm |
| ISBN 7-5615-0831-X:¥7.80 |
| ● |
| 相关链接 |
|
|
|
|
正题名:最优规划和计算
索取号:O23/S4
 
预约/预借
| 序号 | 登录号 | 条形码 | 馆藏地/架位号 | 状态 | 备注 |
| 1 | 6703598 | 267035987 | 密集书库-数信学院/ [索取号:O23/S4] | 在馆 |